Jump between all Capital Cities: Closest Capital South - Statistics

General Stats
  • This quiz has been taken 226 times
  • The average score is 128 of 196
Answer Stats
Dn B D CAPITAL CITY % Correct
180º 2,887 Reykjavik . D
98%
103º 321 Brussels . L
94%
143º 1,497 Dublin . L
94%
116º 463 London . B
94%
119º 435 Bern . M
93%
137º 187 Luxembourg . P
93%
252º 287 Paris . B
93%
103º 4 Rome . T
93%
199º 598 Tunis . V
93%
116º 459 Vatican City . R
93%
180º 357 Monaco . V
92%
100º 1,742 Cairo . K
90%
175º 1,612 Khartoum . A
90%
199º 357 Tripoli . C
90%
104º 403 Valletta . T
90%
239º 558 Addis Ababa . J
88%
91º 687 Asmara . D
88%
132º 616 Djibouti . A
88%
239º 916 Juba . K
88%
167º 513 Kampala . K
87%
205º 176 Bujumbura . D
86%
113º 771 Dodoma . L
86%
214º 517 Harare . M
86%
228º 376 Kigali . B
86%
193º 888 Lilongwe . H
86%
170º 914 Maputo . M
85%
227º 489 Maseru . M
85%
254º 150 Mbabane . M
85%
286º 2,330 Canberra . P
84%
265º 7,683 Montevideo . W
83%
266º 10,097 Wellington . C
83%
315º 1,289 Honiara . Y
80%
44º 2,717 Port-Vila . H
80%
38º 1,249 Yaren . T
80%
72º 704 Tarawa . M
78%
344º 661 Majuro . M
77%
297º 1,683 Manila . T
74%
326º 194 Pyongyang . B
74%
20º 1,480 Seoul . P
74%
1,157 Taipei . S
74%
276º 810 Beijing . U
73%
270º 4,057 Melekeok . M
73%
278º 2,564 Astana . M
72%
319º 1,170 Ulaanbaatar . A
72%
190º 175 Amman . J
71%
138º 499 Athens . N
71%
126º 241 Beirut . D
71%
171º 355 Berlin . P
71%
97º 55 Bratislava . B
71%
116º 161 Budapest . Z
71%
218º 523 Copenhagen . B
71%
119º 84 Damascus . A
71%
82 Helsinki . S
71%
253º 71 Jerusalem . K
71%
282º 2,279 Moscow . R
71%
109º 917 Nicosia . B
71%
154º 172 Podgorica . T
71%
165º 280 Prague . V
71%
279º 844 Riga . T
71%
139º 288 Sarajevo . P
71%
256º 397 Stockholm . C
71%
280 Tallinn . H
71%
159º 131 Tirana . A
71%
145º 252 Vienna . B
71%
231º 299 Zagreb . S
71%
107º 301 Abu Dhabi . M
70%
203º 914 Amsterdam . V
70%
150º 920 Antananarivo . P
70%
1,034 Asuncion . S
70%
32º 343 Belmopan . H
70%
42º 728 Bogota . P
70%
263º 8,140 Buenos Aires . A
70%
137º 140 Doha . A
70%
279º 361 Guatemala City . B
70%
45º 932 Havana . N
70%
102º 1,252 Kuwait City . M
70%
301º 1,479 Lima . Q
70%
107º 400 Ljubljana . S
70%
315º 339 Managua . T
70%
143º 433 Manama . D
70%
175º 1,478 Mogadishu . N
70%
148º 1,354 Moroni . A
70%
102º 440 Muscat . S
70%
248º 1,017 Nairobi . M
70%
67º 554 Nassau . W
70%
74º 5,615 Oslo . A
70%
732 Ottawa . O
70%
309º 772 Panama . S
70%
97º 1,054 Port Louis . P
70%
258º 3,062 Pretoria . B
70%
352º 1,316 Quito . B
70%
238º 1,763 Sanaa . M
70%
281º 511 San Jose . M
70%
214º 285 San Marino . P
70%
311º 1,048 Sucre . L
70%
334º 239 Tegucigalpa . G
70%
150º 670 Vaduz . L
70%
1,534 Washington . O
70%
101º 720 Pristina . S
69%
163º 78 Skopje . A
69%
103º 988 Ankara . B
67%
125º 1,263 Baghdad . R
67%
49º 3,007 Brasilia . P
67%
166º 985 Riyadh . V
67%
264º 9,107 Santiago . B
67%
163º 3,376 Victoria . L
67%
14º 95 Castries . R
66%
193º 1,053 Gaborone . S
66%
287º 346 Georgetown . P
66%
24º 134 Kingstown . C
66%
248º 3,202 Lusaka . G
66%
341º 2,523 Paramaribo . G
66%
271º 247 Port-au-Prince . M
66%
319º 565 Port-of-Spain . S
66%
344º 150 Roseau . S
66%
350º 155 Saint George's . K
66%
346º 206 Saint John's . B
66%
279º 780 Santo Domingo . P
66%
281º 95 Basseterre . S
65%
272º 2,820 Mexico City . L
65%
61º 494 Andorra la Vella . B
64%
76º 8,685 Lisbon . M
64%
67º 503 Madrid . A
64%
129º 784 Tehran . K
64%
205º 517 Bangkok . P
63%
156º 945 Bucharest . S
63%
169º 423 Dhaka . N
63%
158º 894 Jakarta . D
63%
97º 801 Kathmandu . T
63%
200º 997 Kuala Lumpur . S
63%
332º 433 Minsk . V
63%
126º 736 Nay Pyi Taw . V
63%
116º 537 Phnom Penh . K
63%
130º 315 Singapore . J
63%
93º 427 Thimphu . D
63%
106º 709 Vientiane . B
63%
300º 172 Vilnius . W
63%
225º 393 Warsaw . B
63%
189º 170 Yerevan . T
63%
80º 1,545 Belgrade . C
62%
69º 695 Chisinau . K
62%
97º 2,083 Dili . P
62%
104º 368 Islamabad . N
62%
94º 1,621 Kabul . I
62%
17º 402 Kiev . M
62%
144º 690 New Delhi . K
62%
229º 296 Sofia . T
62%
93º 1,775 Tbilisi . Y
62%
322º 726 Abuja . N
60%
92º 2,377 Port Moresby . S
60%
87º 303 Yaounde . A
60%
333º 7 Brazzaville . L
59%
24º 549 Kinshasa . B
59%
308º 828 Libreville . M
59%
344º 1,573 Luanda . K
59%
348º 378 Malabo . Y
59%
116º 744 Nuku'alofa . W
59%
106º 3,508 Suva . N
59%
269º 14,991 Windhoek . L
59%
71º 946 Algiers . B
58%
310º 767 Niamey . N
58%
284º 2,001 Nouakchott . R
58%
27º 1,985 Rabat . A
58%
265º 911 Ashgabat . M
49%
84º 4,055 Baku . T
49%
68º 479 Bishkek . D
49%
225º 687 Dushanbe . A
49%
86º 1,629 Tashkent . B
49%
157º 4,044 Male . S
48%
266º 7,438 Sao Tome . A
44%
151º 2,033 Bandar Seri Begawan . B
43%
265º 18,502 Apia . F
42%
300º 1,148 Funafuti . P
42%
243º 3,669 Hanoi . B
42%
329º 3,701 Tokyo . H
42%
306º 2,892 Palikir . T
41%
273º 5,680 Kingston . C
34%
272º 653 Praia . K
34%
275º 934 Banjul . D
33%
325º 166 Dakar . P
33%
157º 126 Freetown . M
33%
132º 361 Monrovia . A
33%
335º 939 N'Djamena . O
33%
270º 1,803 Ouagadougou . B
33%
94º 1,176 Accra . L
31%
272º 703 Bamako . B
31%
67º 168 Lome . P
31%
75º 158 Porto-Novo . Y
31%
269º 10,683 Bangui . N
30%
91º 5,826 Conakry . F
30%
272º 872 Yamoussoukro . B
30%
128º 1,353 Caracas . C
29%
296º 1,263 Bissau . B
24%
271º 4,781 Bridgetown . S
20%
271º 3,201 San Salvador . C
16%
92º 17,428 Colombo
14%
No matching quizzes found
Score Distribution
Percent of People with Each Score
Percentile by Number Answered
Your Score History
You have not taken this quiz